| 000 | 00893cab a2200265 4500 | ||
|---|---|---|---|
| 001 | ABS58152 | ||
| 008 | 090401t1998 xxu||||| |||| 00| 0 eng d | ||
| 035 | _a(Sirsi) u83325 | ||
| 041 | _aeng | ||
| 245 | _aRegional survey : West Midlands offices | ||
| 260 | _c1998 | ||
| 350 | _a0 | ||
| 490 |
_aProperty Week _v61(3) 23 January 1998, 46-63(6) |
||
| 520 | _aA survey of the office market in the West Midlands, looking at speculative development, offices in central Birmingham, Solihull, Coventry and the Black Country. | ||
| 650 | _aBIRMINGHAM | ||
| 650 | _aBLACK COUNTRY | ||
| 650 | _aCOVENTRY | ||
| 650 | _aPROPERTY-COMMERCIAL PROPERTY-OFFICE PROPERTY-OFFICE PROPERTY MARKET | ||
| 650 | _aSOLIHULL | ||
| 650 | _aSPECULATIVE DEVELOPMENT | ||
| 650 | _aWEST MIDLANDS | ||
| 690 | _aPROPERTY-COMMERCIAL PROPERTY-COMMERCIAL PROPERTY MARKET | ||
| 942 | _n0 | ||
| 948 | _c27/01/1998 | ||
| 999 |
_c52618 _d52618 |
||